000 00480nam a2200169Ia 4500
003 GCL
008 140319s9999 xx 000 0 eng d
040 _aGCL /
_cGCL
082 0 4 _a150.1952
_bB W
100 1 _aBOUVERESSE, JACUS
245 1 0 _aWITTGESTIN READS FREUD : THE MYTH OF THE UNCONSCIOUS /
_cBOUVERESSE, JACUS
260 _a[S.N] :
_bNEW FENCH THOUYHT ،
_c1991
300 _a143.p
650 0 4 _aPSYCHOANALYSIS - PHILOSOPHY
650 0 4 _aWITTGENSTAIN
942 _2ddc
_cBK
999 _c12348
_d12348